Informe Docencia primer semestre 1995
Guardat en:
| Autor corporatiu: | |
|---|---|
| Format: | Llibre |
| Idioma: | espanyol |
| Publicat: |
Valparaíso
Universidad Católica de Valparaíso
1995
|
| Matèries: | |
| Etiquetes: |
Afegir etiqueta
Sense etiquetes, Sigues el primer a etiquetar aquest registre!
|
MARC
| LEADER | 00000cam a2200000 a 4500 | ||
|---|---|---|---|
| 001 | UCF7219 | ||
| 003 | CL-VaPUC | ||
| 008 | 130613e19950000CL |||||||||||||||||spa|d | ||
| 082 | 0 | 4 | |a 378.12 |b UNI |2 21 |
| 110 | 2 | |a Universidad Católica de Valparaíso |e author |9 569228 | |
| 245 | 1 | 0 | |a Informe Docencia primer semestre 1995 |
| 300 | |a pág. irreg | ||
| 942 | |c BK | ||
| 945 | |d 20130613 00:00:00 |a dcastane | ||
| 260 | |a Valparaíso |b Universidad Católica de Valparaíso |c 1995 | ||
| 500 | |a Informe preparado por la Directora General de Apoyos Académicos María Cristina Simpson Lelievre | ||
| 650 | 0 | |a Universidades |9 256317 | |
| 650 | 0 | |a Universidades chilenas |9 407335 | |
| 650 | 0 | |a Profesores universitarios |9 328378 | |
| 650 | 7 | |a DOCENCIA |2 CL-VaPUC |9 569229 | |
| 583 | |a last modification |c 20130613 14:21:00 |k Rodrigo Vera | ||
| 999 | |c 352124 |d 352122 | ||
| 952 | |0 0 |1 0 |4 0 |6 378_120000000000000_UNI_1995 |7 0 |8 X |9 456675 |a FDOBUD |b FDOBUD |d 2019-11-22 |i 4977076 |o 378.12 UNI 1995 |p 4977076 |r 2019-11-22 |w 2019-11-22 |y BK_X |k FHP | ||